000 00495nam a2200133Ia 4500
008 221007s9999 xx 000 0 und d
041 _aeng
082 _bSHI
100 _aShivangikar Shivani S - 2k141042; Dr.Kamlakar Munde - Guide & [Company Name] - Orchid M Marketing & Media Consultants
_9103747
245 _aReal Estate Sector: A Brief Study Of Selective Media Spends From March-July 2015
260 _cSep-15
_bSavitribai Phule Pune University
_aPune
300 _a32p
906 _bGeneral
999 _c75080
_d75080